Guinnessova encyklopédia
Uložené v:
| Médium: | Kniha |
|---|---|
| Jazyk: | Slovak |
| Vydavateľské údaje: |
Bratislava :
ML,
1992
|
| Vydanie: | 1.vyd. |
| Tagy: |
Žiadne tagy, Buďte prvý, kto otaguje tento záznam!
|
MARC
| LEADER | 00000nam a22000003a 4500 | ||
|---|---|---|---|
| 001 | stu10698 | ||
| 005 | 20150408181751.8 | ||
| 008 | 941020s1992----cs------------------slo-d | ||
| 040 | |a STU |b slo | ||
| 041 | 0 | |a slo | |
| 044 | |a cs | ||
| 245 | |a Guinnessova encyklopédia | ||
| 250 | |a 1.vyd. | ||
| 260 | |a Bratislava : |b ML, |c 1992 | ||
| 300 | |a 768 s | ||
| 996 | |b 284AU02985 |c A*1839 U |l AAKNST |s P |a 0 |w stu10698_0001 | ||